Encounter.
Guardado en:
| Formato: | Revista |
|---|---|
| Idioma: | English |
| Publicado: |
London :
Encounter Ltd.,
1953- .
|
| Materias: | |
| Etiquetas: |
Agregar Etiqueta
Sin Etiquetas, Sea el primero en etiquetar este registro!
|
| LEADER | 00742nas a2200157 4500 | ||
|---|---|---|---|
| 001 | CARPC.003459 | ||
| 005 | 20080606161600.0 | ||
| 008 | 040607c19539999xxkm|#p#######0###a0eng|| | ||
| 022 | |a 0013-7073 | ||
| 210 | 0 | |a Encounter (Lond., 1953) | |
| 245 | 0 | 0 | |a Encounter. |
| 260 | |a London : |b Encounter Ltd., |c 1953- . | ||
| 310 | |a Mensual. | ||
| 362 | 0 | |a Vol. 1, no. 1 (1953)- . | |
| 653 | |a Literatura | ||
| 866 | |9 EHU |a 1955 4(1-3,5-6); 1956 6(3-5),7; 1957 8(2-6),9; 1958 10-11; 1959 12(3-4),13; 1960 14(1,3-6); 15(1-3,6); 1961 16(1,3-6); 17(4-6); 1962 18(3-6),19; 1963 20(2-6); 21(2-6); 1964 22(1-3,5-6),23; 1965-1966 24-27; 1967 28(1); 29(2-6); 1968 30-31; 1969 32(1-3,6),33; 1970 34(5-6),35; 1971-1972 36-39; 1973 40(1-3,5-6),41; 1974 42-43; 1975 44; 45(1-3) |s 800/En17 | ||
